Statistics for Celebrities picture quiz

Click here to take the quiz!

General Stats

  • This quiz has been taken 118 times
  • The average score is 12 of 20

Answer Stats

Answer% Correct
John F Kennedy
92%
Michelle Obama
92%
Jennifer Aniston
89%
John Lennon
86%
Che Guevara
79%
John Travolta
77%
Madonna
77%
Ryan Gosling
75%
Michael Phelps
73%
Ashton Kutcher
69%
Cher
61%
Amy Adams
55%
Demi Moore
55%
Marvin Gaye
52%
Bob Dylan
48%
Jerry Seinfeld
44%
Alicia Silverstone
38%
Henry Kissinger
37%
Al Gore
35%
Monica Lewinski
7%

Score Distribution

Percentile by Number Answered

Percent of People with Each Score

Your Score History

You have not taken this quiz